| 000 | 00348nam a2200133Ia 4500 | ||
|---|---|---|---|
| 005 | 20260326100036.0 | ||
| 008 | 260326s9999||||xx |||||||||||||| ||und|| | ||
| 100 | _aBorthagaray, Juan Manuel | ||
| 245 | 0 |
_aEl Río de la Plata como Territorio / _cJuan Manuel Borthagaray |
|
| 260 | _bInfinito | ||
| 300 | _a572 p. | ||
| 650 | _aARGENTINA | ||
| 942 | _cBK | ||
| 999 |
_c6800 _d6800 |
||